National Anthem of United States - ''The Star-Spangled Banner'' - Statistics

General Stats
  • This quiz has been taken 56 times
  • The average score is 55 of 81
Answer Stats
Answer % Correct
O'
100%
say
98%
see
98%
you
98%
can
96%
by
94%
the
92%
dawns
88%
early
86%
light,
86%
so
82%
proudly
80%
we
80%
What
80%
last
76%
the
76%
gleaming?
73%
at
71%
hailed
71%
twilight's
71%
and
69%
bright
67%
stars
67%
stripes
67%
And
65%
banner
65%
brave?
65%
free
65%
home
65%
land
65%
O'
65%
of
65%
of
65%
spangled
65%
star
65%
the
65%
the
65%
the
65%
the
65%
the
65%
air,
63%
and
63%
bombs
63%
bursting
63%
flag
63%
in
63%
our
63%
rocket's
63%
still
63%
the
63%
the
63%
the
63%
there;
63%
wave,
63%
yet
63%
fight,
61%
gallantly
61%
Gave
61%
O'er
61%
red
61%
say
61%
so
61%
streaming?
61%
that
61%
was
61%
Whose
61%
does
59%
glare,
59%
night
59%
O'er
59%
that
59%
the
59%
through
59%
we
59%
broad
57%
perilous
57%
proof
57%
ramparts
57%
watched
57%
were
57%
through
55%
No matching quizzes found
Score Distribution
Percent of People with Each Score
Percentile by Number Answered
Your Score History
You have not taken this quiz